000 00870cab a2200241 4500
001 ABS54339
008 090401t1996 xxu||||| |||| 00| 0 eng d
035 _a(Sirsi) u9889
041 _aeng
100 _aCook, P.
245 2 _aA lesson in homes improvement
260 _c1996
350 _a0
490 _aLocal Government Chronicle
_v12 January 1996, 14-15(2)
520 _aReviews the joint Housing Corporation/Audit Commission "Homing in on performance - social housing performance in 1994 compared" comparing the housing service provided by local government with that of housing associations in 1993-1994. Graphical representation of management costs and regional rents.
650 _aCOUNCIL HOUSING
650 _aHOUSING ASSOCIATIONS
650 _aPERFORMANCE
650 _aSOCIAL HOUSING
690 _aHOUSING
942 _n0
948 _c04/03/1997
999 _c6219
_d6219